Ewolucja Flagi Polski - Statystyki

Ogólne statystyki
  • Ten quiz został rozwiązany 44 razy
    21 od ostatniego zresetowania
  • Średni wynik to 7 z 11
Statystyki odpowiedzi
Obrazkowy Hint Odpowiedź % Poprawnych
1569-1795 Rzeczpospolita Obojga Narodów
100%
1320-1569 Królestwo Polskie
92%
1989-Dziś III Rzeczpospolita
75%
1918-1928 II Rzeczpospolita
75%
1928-1939 II Rzeczpospolita
75%
1945-1980 Polska Rzeczypospolita Ludowa
75%
1980-1989 Polska Rzeczypospolita Ludowa
75%
1807-1815 Księstwo Warszawskie
67%
1863-1864 Powstanie Styczniowe
50%
1939-1945 Polskie Państwo Podziemne
33%
1815-1848 Wielkie Księstwo Poznańskie
25%
Nie znaleziono quizów pasujących do podanych kryteriów
Rozkład punktacji
Procent ludzi z każdym wynikiem
Percentyl według liczby udzielonych odpowiedzi
Twoja historia wyników
Nie rozwiązałeś tego quizu od ostatniego zresetowania